00467 2200181 4500001002100000005001700021008004100038020001400079035002900093090001600122100001600138245003000154250001600184260003300200300002600233650001600259990001000275INLIS00000000002300420141103115911.0  a979-593-5 a##a0010-111400000000003 a533.6 Sel u aMick Seller aUdara.Angin & Penerbangan aCetakan : 1 aJAKARTAbKesaint Blancc1997 a32 hlm ; ilus ; 28 cm apenerbangan a22743